Κατάλογος Βιβλιοθηκών Mediterranean College

Review of Physiological Chemistry (Record no. 1741)

MARC details
000 -LEADER
fixed length control field 01225cam a22002054a 4500
005 - ΗΜΕΡΟΜΗΝΙΑ ΚΑΙ ΩΡΑ ΤΕΛΕΥΤΑΙΑΣ ΕΝΗΜΕΡΩΣΗΣ
Πεδίο ελέγχου 20250605164018.0
008 - FIXED-LENGTH DATA ELEMENTS--GENERAL INFORMATION
Πεδίο ελέγχου σταθερού μήκους 250528s ||||||||||||||||||||||||d
035 ## - SYSTEM CONTROL NUMBER
System control number 16211
020 ## - ISBN
ISBN 870410318
040 ## - ΠΗΓΗ ΚΑΤΑΛΟΓΟΓΡΑΦΗΣΗΣ
Φορέας πρωτότυπης καταλογογράφησης MC Athens Campus Library
Γλώσσα καταλογογράφησης Ελληνικά, Μοντέρνα (1453-)
Modifying agency MC Athens Campus Library
Κανόνες περιγραφικής καταλογογράφησης AACR2
245 1# - ΤΙΤΛΟΣ ΚΑΙ ΔΗΛΩΣΗ ΥΠΕΥΘΥΝΟΤΗΤΑΣ
Τίτλος Review of Physiological Chemistry
250 ## - EDITION STATEMENT
Edition statement 13th
260 ## - PUBLICATION, DISTRIBUTION, ETC.
Name of publisher, distributor, etc. Lange Medical Publications,
Date of publication, distribution, etc. 1971
300 ## - PHYSICAL DESCRIPTION
Extent 530
520 ## - SUMMARY, ETC.
Summary, etc. Carbohydrates, Lipids, Amino Acids and Proteins, Nucleoproteins and Nucleic Acids, Mechanism of Protein Synthesis and Genetic Regulation of Metabolism, Porphyrins and Bile Pigments, Vitamins, Enzymes, Biologic Oxidation, The Blood and Lympth and Cerebrospinal Fluid, The Chemistry of Respiration, Digestion and Absorption from the Gastrointestinal Tract, Metabolism of Carbohydrate, Metabolism of Lipids, Protein and Amino Acid Metabolism, Metabolism of Purines and Pyrimidines, The Functions and Tests of the Liver, The Kidney and the Urine, Water and Mineral Metabolism, The Chemistry and Functions of the Hormones, Calorimetry: Elements of Nutrition, The Chemistry of the Tissues, Appendix: General and Physical Chemistry, Index.
700 1# - ΠΡΟΣΘΕΤΗ ΑΝΑΓΡΑΦΗ--ΦΥΣΙΚΟ ΠΡΟΣΩΠΟ
Personal name Harper Harold A
9 (RLIN) 2288
942 ## - ADDED ENTRY ELEMENTS (KOHA)
Koha item type Books
Holdings
Τύπος τεκμηρίου Βιβλιοθήκη Τρέχουσα τοποθεσία Barcode Αριθμός εισαγωγής Ημερομηνία απόκτησης Ταξιθετικό σύμβολο Αριθμός αντιτύπου Κατάσταση απόσυρσης Κατάσταση χαμένου Κατάσταση κατεστραμμένου Μη δανεισμός Σύνολο δανεισμών Ημερομηνία τελευταίας εμφάνισης Η τιμή ισχύει από
Books MC Athens Campus Library MC Athens Campus Library 9780000017406 3298 05/06/2025 612.015 HAR 1           05/06/2025 05/06/2025

MC Athens Campus Library
Πατησίων 94 & Κοδριγκτώνος 13, 104 34
Πελλήνης 8 & Πατησίων 107, 112 51
Τ: +30 210 8899600

MC Thessaloniki Campus Library
Ίωνος Δραγούμη 21, 54625 | Ίωνος Δραγούμη 15, 54625
Τ: +30 2310 287779 – Τ: +30 2314 440300